| 000 | 01005nam a22002893a 4500 | ||
|---|---|---|---|
| 999 |
_c234253 _d234253 |
||
| 001 | 14297736 | ||
| 003 | Nust | ||
| 005 | 20170316153127.0 | ||
| 008 | 060213s2006 onc 000 1 eng d | ||
| 010 | _a 2006573068 | ||
| 020 |
_a9780263861730 (pbk.) : _c$5.50 |
||
| 035 | _a(OCoLC)ocm63748460 | ||
| 040 |
_aOCO _cOCO _dDLC |
||
| 042 | _alccopycat | ||
| 050 | 0 | 0 | _aCPB Box no. 2424 vol. 20 |
| 082 |
_a813.6 _bPEN |
||
| 100 | 1 | _aPenney, Julia. | |
| 245 | 1 | 0 |
_aHer sister's keeper / _cJulia Penney. |
| 260 |
_aToronto ; _aNew York : _bHarlequin, _cc2006. |
||
| 300 |
_a377 p. ; _c18 cm. |
||
| 490 | 1 |
_aHarlequin superromance ; _v1330 |
|
| 655 | 7 |
_aLove stories. _2gsafd |
|
| 655 | 7 |
_aRomantic suspense fiction. _2gsafd |
|
| 655 | 7 |
_aSuspense fiction. _2gsafd |
|
| 710 | 2 |
_aCopyright Paperback Collection (Library of Congress) _5DLC |
|
| 830 | 0 |
_aHarlequin super romance ; _v1330. |
|
| 906 |
_a7 _bcbc _ccopycat _d2 _encip _f20 _gy-genrareb |
||
| 942 |
_2ddc _cBK |
||